Ḥadāʾiq al-amthāl al-ʿāmmīyah /
Main Author:
Format: Book
Language: Arabic
Published:
al-Qāhirah :
Maṭbaʻat Amīn ʻAbd al-Raḥmān,
1939-1943.
Edition: al-Ṭabʻah 1.
Subjects:
Tags: Add Tag
Call Number: PN6519. A7 R3 v.1-2
| LEADER | 01135nam a2200241Ia 4500 | ||
|---|---|---|---|
| 003 | OSt | ||
| 005 | 20240122142658.0 | ||
| 008 | 130303m19391943ua c 000 0 ara d | ||
| 952 | |0 0 |1 0 |2 lcc |3 V.1-2 |4 0 |6 PN6519 A7 R3 V.00001-00002 |7 1 |9 59825 |a ARCE |b ARCE |d 2024-01-22 |l 0 |o PN6519. A7 R3 v.1-2 |p 1032191 |r 2024-01-22 00:00:00 |w 2024-01-22 |y BK | ||
| 999 | |c 24806 |d 24806 | ||
| 040 | |c ARCE Library | ||
| 050 | 4 | |a PN6519. A7 R3 v.1-2 | |
| 100 | 1 | |6 880-01 |a Rāghib, Fāyqah Ḥusayn, |e author | |
| 245 | 1 | 2 | |6 880-02 |a Ḥadāʾiq al-amthāl al-ʿāmmīyah / |c Jamʻ wa-sharḥ wa-tartīb Fāʼiqah Ḥusayn Rāghib. |
| 250 | |a al-Ṭabʻah 1. | ||
| 264 | 1 | |a al-Qāhirah : |b Maṭbaʻat Amīn ʻAbd al-Raḥmān, |c 1939-1943. | |
| 300 | |a 2 volumes in 1 : |b portrait ; |c 25 cm. | ||
| 500 | |a Description based on : Volume 2. | ||
| 650 | 0 | |a Proverbs, Arabic. | |
| 880 | 1 | |6 100-01/(3/r |a راغب، فايقة حسين | |
| 880 | 1 | |6 245-02/(3/r |a حدائق الأمثال العامية |c جمع و شرح و ترتيب فايقة حسين راغب. | |
| 901 | |a reviewed | ||
| 942 | |c BK |2 lcc | ||
